LIBRARY & INFORMATION CENTRE, KCAET, TAVANUR

ONLINE PUBLIC ACCESS CATALOGUE (OPAC)

Organisational Behaviour (Record no. 14746)

MARC details
000 -LEADER
fixed length control field 00283nam a22001217a 4500
082 ## - DEWEY DECIMAL CLASSIFICATION NUMBER
Classification number 658.1
Item number ASW/OR
100 ## - MAIN ENTRY--AUTHOR NAME
Personal name Aswathappa K.
245 ## - TITLE STATEMENT
Title Organisational Behaviour
250 ## - EDITION STATEMENT
Edition statement 6 th Rev
260 ## - PUBLICATION, DISTRIBUTION, ETC. (IMPRINT)
Place of publication Mumbai
Name of publisher Himalaya Publishing House
Year of publication 2005
300 ## - PHYSICAL DESCRIPTION
Number of Pages 676
942 ## - ADDED ENTRY ELEMENTS (KOHA)
Koha item type Book Bank scheme for SC students
Holdings
Withdrawn status Lost status Damaged status Collection code Home library Current library Shelving location Date acquired Source of acquisition Cost, normal purchase price Full call number Accession Number Koha item type
        KAUAET KAUAET Scheme 27/08/2016 Cosmo Books, Thrissur. 325.00 658.1 ASW/OR BB 19 Book Bank scheme for SC students
        KAUAET KAUAET Scheme 27/08/2016 Cosmo Books, Thrissur. 325.00 658.1 ASW/OR BB 20 Book Bank scheme for SC students
free website counter